[Event "Hamburg-ch Seniors 65+"]
[Site "Hamburg"]
[Date "2018.11.04"]
[Round "5"]
[White "Krause, Werner"]
[Black "Gette, Viktor"]
[Result "1/2-1/2"]
[WhiteElo "1575"]
[BlackElo "1748"]
[PlyCount "61"]
[EventDate "2018.10.31"]
[EventType "swiss"]
[EventRounds "9"]
[EventCountry "GER"]
[SourceTitle "CBM 189 Extra"]
[Source "ChessBase"]
[SourceDate "2019.05.31"]
[SourceVersion "1"]
[SourceVersionDate "2019.05.31"]
[SourceQuality "1"]

1. e4 e6 2. d4 d5 3. exd5 exd5 4. Bd3 Nf6 5. Bg5 h6 6. Bxf6 Qxf6 7. c3 Bd6 8. Nf3 0-0 9. Nbd2 Re8+ 10. Kf1 Bf5 11. Qc2 Bxd3+ 12. Qxd3 Nd7 13. Re1 c6 14. g3 Bc7 15. Kg2 Bb6 16. Rxe8+ Rxe8 17. Re1 Re6 18. Rxe6 Qxe6 19. Nf1 Nf6 20. Ne3 Ne4 21. b3 Qe7 22. Nd2 Nxd2 23. Qxd2 g6 24. Ng4 h5 25. Ne5 Kg7 26. Nd3 f5 27. b4 Bc7 28. Qe3 Qe4+ 29. Qxe4 fxe4 30. Nc5 Kf6 31. Nxb7 1/2-1/2

[Event "Hamburg-ch Seniors 65+"]
[Site "Hamburg"]
[Date "2018.11.01"]
[Round "2"]
[White "Gette, Viktor"]
[Black "Voigt, Detlev"]
[Result "1/2-1/2"]
[WhiteElo "1748"]
[BlackElo "1949"]
[PlyCount "41"]
[EventDate "2018.10.31"]
[EventType "swiss"]
[EventRounds "9"]
[EventCountry "GER"]
[SourceTitle "CBM 189 Extra"]
[Source "ChessBase"]
[SourceDate "2019.05.31"]
[SourceVersion "1"]
[SourceVersionDate "2019.05.31"]
[SourceQuality "1"]

1. d4 Nf6 2. Nf3 e6 3. e3 b6 4. c4 Bb7 5. Nbd2 Be7 6. a3 0-0 7. Qc2 d5 8. b4 a5 9. b5 c5 10. Bb2 Nbd7 11. Bd3 Rc8 12. 0-0 h6 13. Ne5 dxc4 14. Ndxc4 cxd4 15. exd4 Nxe5 16. dxe5 Nd5 17. Rfd1 Bc5 18. Qb3 Qh4 19. Rd2 Nf4 20. Bf1 Rcd8 21. Qg3 1/2-1/2

[Event "Hamburg-ch Seniors 21st"]
[Site "Hamburg"]
[Date "2014.11.05"]
[Round "8"]
[White "Ludwig, Siegfried"]
[Black "Gette, Viktor"]
[Result "0-1"]
[WhiteElo "1460"]
[BlackElo "1601"]
[PlyCount "88"]
[EventDate "2014.10.29"]
[EventType "swiss"]
[EventRounds "9"]
[EventCountry "GER"]
[SourceTitle "EXT 2018"]
[Source "ChessBase"]
[SourceDate "2017.10.13"]
[SourceVersion "1"]
[SourceVersionDate "2017.10.13"]
[SourceQuality "1"]

1. e4 e6 2. Bc4 d5 3. exd5 exd5 4. Qe2+ Be6 5. Bb3 Nf6 6. d3 h6 7. Nf3 Bd6 8. Nc3 0-0 9. h3 Re8 10. Be3 c5 11. d4 Nc6 12. 0-0-0 c4 13. Ba4 a6 14. Bxc6 bxc6 15. Na4 Qa5 16. Nc3 Rab8 17. Ne5 Qb4 18. Nxc6 Qxb2+ 19. Kd2 Bb4 20. Nxb4 Qxb4 21. f3 Bf5 22. Rb1 Qa3 23. Rxb8 Rxb8 24. Rc1 Rb2 25. g4 Bh7 26. g5 hxg5 27. Bxg5 Qa5 28. Qe3 Rxa2 29. Kd1 Ra3 30. Kd2 Bg6 31. Bh4 Nd7 32. Be7 Ra1 33. Rxa1 Qxa1 34. Nxd5 Qa5+ 35. Nb4 Qf5 36. f4 a5 37. Nd3 cxd3 38. c4 Qe4 39. Qxe4 Bxe4 40. Ke3 f5 41. h4 Kf7 42. Ba3 Ke8 43. Bb2 g6 44. Bc1 Nb6 0-1

[Event "Hamburg-ch Seniors 21st"]
[Site "Hamburg"]
[Date "2014.11.02"]
[Round "5"]
[White "Kronenthal, Linda"]
[Black "Gette, Viktor"]
[Result "0-1"]
[WhiteElo "1360"]
[BlackElo "1601"]
[PlyCount "92"]
[EventDate "2014.10.29"]
[EventType "swiss"]
[EventRounds "9"]
[EventCountry "GER"]
[SourceTitle "EXT 2018"]
[Source "ChessBase"]
[SourceDate "2017.10.13"]
[SourceVersion "1"]
[SourceVersionDate "2017.10.13"]
[SourceQuality "1"]

1. c4 Nf6 2. d4 e6 3. Nf3 d5 4. cxd5 exd5 5. Nc3 c6 6. Bg5 Be7 7. e3 h6 8. Bh4 Bf5 9. Bd3 Ne4 10. Bxe7 Qxe7 11. 0-0 Nd7 12. Qe2 0-0 13. Nd2 Nxd2 14. Qxd2 Bh7 15. Rac1 f5 16. Qc2 Qg5 17. Ne2 Rf7 18. Nf4 Qe7 19. Ne2 Raf8 20. Nf4 g5 21. Ne2 Qe6 22. Nc3 Nf6 23. Na4 Ne4 24. Bxe4 fxe4 25. Qe2 Bf5 26. h3 g4 27. Nc5 Qg6 28. h4 g3 29. h5 Qg5 30. fxg3 Bg4 31. Qd2 Bxh5 32. Ne6 Rxf1+ 33. Rxf1 Rxf1+ 34. Kxf1 Qxg3 35. Qf2 Qxf2+ 36. Kxf2 Bg4 37. Nf4 Kf7 38. Kg3 Bd1 39. Kh4 Ke7 40. Ng6+ Kd6 41. Ne5 Ke6 42. g4 c5 43. Kh5 cxd4 44. exd4 e3 45. Kxh6 Bxg4 46. Nxg4 e2 0-1

[Event "Hamburg-ch Seniors 21st"]
[Site "Hamburg"]
[Date "2014.10.30"]
[Round "3"]
[White "Bartlitz, Heinz"]
[Black "Gette, Viktor"]
[Result "1/2-1/2"]
[WhiteElo "1477"]
[BlackElo "1601"]
[PlyCount "101"]
[EventDate "2014.10.29"]
[EventType "swiss"]
[EventRounds "9"]
[EventCountry "GER"]
[SourceTitle "EXT 2018"]
[Source "ChessBase"]
[SourceDate "2017.10.13"]
[SourceVersion "1"]
[SourceVersionDate "2017.10.13"]
[SourceQuality "1"]

1. e4 e6 2. d4 d5 3. Nc3 dxe4 4. Nxe4 Nf6 5. Ng3 Bd6 6. N1e2 0-0 7. c3 b6 8. Bg5 h6 9. Bxf6 Qxf6 10. Ne4 Qe7 11. Nxd6 Qxd6 12. Ng3 Bb7 13. Qd3 Nd7 14. f3 Nf6 15. Be2 c5 16. Rd1 cxd4 17. Qxd4 Qxd4 18. Rxd4 Rad8 19. Rxd8 Rxd8 20. Bc4 Nd5 21. Bxd5 Rxd5 22. Ke2 Ba6+ 23. Ke1 Rb5 24. b3 Rc5 25. c4 b5 26. Ne4 Re5 27. cxb5 Bxb5 28. Kd2 Rd5+ 29. Ke1 f5 30. Nc3 Rc5 31. Kd2 Bd7 32. Re1 Kf7 33. f4 g5 34. fxg5 hxg5 35. g3 Kg6 36. Kd3 Kh5 37. b4 Rc8 38. h3 f4 39. gxf4 gxf4 40. Rg1 e5 41. Rg7 Bf5+ 42. Kd2 Rd8+ 43. Ke1 a6 44. Re7 Bxh3 45. Rxe5+ Kg4 46. Ne2 Bg2 47. a4 Bb7 48. b5 axb5 49. axb5 Rd5 50. Rxd5 Bxd5 51. Nxf4 1/2-1/2

[Event "Hamburg-ch Seniors 21st"]
[Site "Hamburg"]
[Date "2014.10.29"]
[Round "1"]
[White "Grimm, Uwe"]
[Black "Gette, Viktor"]
[Result "1-0"]
[WhiteElo "2080"]
[BlackElo "1601"]
[PlyCount "125"]
[EventDate "2014.10.29"]
[EventType "swiss"]
[EventRounds "9"]
[EventCountry "GER"]
[SourceTitle "EXT 2018"]
[Source "ChessBase"]
[SourceDate "2017.10.13"]
[SourceVersion "1"]
[SourceVersionDate "2017.10.13"]
[SourceQuality "1"]

1. d4 d5 2. Nf3 Nf6 3. Bf4 e6 4. e3 Bd6 5. Bg3 0-0 6. Bd3 Nc6 7. c3 Re8 8. Ne5 Bxe5 9. dxe5 Ne4 10. Bxe4 dxe4 11. 0-0 b6 12. Qa4 Bb7 13. Qxe4 Qd7 14. Na3 Rad8 15. Bh4 Qd5 16. Qxd5 Rxd5 17. f4 Ne7 18. Rad1 Nf5 19. Bf2 Red8 20. Rxd5 Bxd5 21. Rd1 Rc8 22. Nb5 c6 23. Nd4 Kf8 24. Nxf5 exf5 25. Bh4 Ke8 26. Rd4 a5 27. c4 Be4 28. b3 Bb1 29. Rd2 b5 30. h3 Be4 31. g4 g6 32. Bf6 bxc4 33. bxc4 Rb8 34. Kf2 a4 35. Kg3 a3 36. Kh4 Kf8 37. Kg5 Kg8 38. Kh6 Ra8 39. Be7 fxg4 40. hxg4 Bf3 41. Bxa3 Bxg4 42. Be7 Be6 43. Rc2 Ra4 44. Rb2 Ra8 45. Rb4 Re8 46. Bd6 Rd8 47. Ra4 Re8 48. a3 Rc8 49. c5 Rd8 50. Ra7 Bd5 51. a4 Rc8 52. a5 Bc4 53. Rb7 Ba6 54. Re7 Bc4 55. a6 Bxa6 56. e6 Bc4 57. Rxf7 Ra8 58. Rg7+ Kh8 59. Rxh7+ Kg8 60. Rg7+ Kh8 61. Be5 Ra2 62. Rh7+ Kg8 63. Rh8# 1-0

[Event "Hamburg Seniors-ch 20th"]
[Site "Hamburg"]
[Date "2013.11.05"]
[Round "7"]
[White "Gette, Viktor"]
[Black "Emami, Madjid"]
[Result "1-0"]
[WhiteElo "1621"]
[BlackElo "1935"]
[PlyCount "61"]
[EventDate "2013.10.30"]
[EventType "swiss"]
[EventRounds "9"]
[EventCountry "GER"]
[SourceTitle "EXT 2015"]
[Source "ChessBase"]
[SourceDate "2014.11.20"]
[SourceVersion "1"]
[SourceVersionDate "2014.11.20"]
[SourceQuality "1"]

1. d4 g6 2. e4 c6 3. Nf3 d6 4. Bc4 Bg7 5. 0-0 Nf6 6. Re1 0-0 7. c3 Nxe4 8. Bxf7+ Rxf7 9. Rxe4 d5 10. Rh4 e5 11. dxe5 Rxf3 12. Rxh7 Kxh7 13. Qxf3 Bxe5 14. Qf7+ Bg7 15. Be3 Qf8 16. Qc7 Nd7 17. Nd2 Be5 18. Qa5 Nf6 19. Qa4 Ng4 20. Nf3 Bf6 21. Bd2 Qc5 22. Rf1 Bd7 23. Qf4 Rf8 24. Qc7 Rf7 25. h3 Nxf2 26. Rxf2 Bh4 27. Be1 Qe3 28. Kf1 Kg7 29. Nxh4 Re7 30. Bd2 Bxh3 31. Bxe3 1-0

[Event "Hamburg Seniors-ch 20th"]
[Site "Hamburg"]
[Date "2013.11.03"]
[Round "5"]
[White "Cording, Harm Wilhelm"]
[Black "Gette, Viktor"]
[Result "1-0"]
[WhiteElo "2039"]
[BlackElo "1621"]
[PlyCount "63"]
[EventDate "2013.10.30"]
[EventType "swiss"]
[EventRounds "9"]
[EventCountry "GER"]
[SourceTitle "EXT 2015"]
[Source "ChessBase"]
[SourceDate "2014.11.20"]
[SourceVersion "1"]
[SourceVersionDate "2014.11.20"]
[SourceQuality "1"]

1. Nf3 d5 2. c4 d4 3. g3 Nc6 4. Bg2 Nf6 5. 0-0 e5 6. d3 Be7 7. b4 Bxb4 8. Nxe5 Nxe5 9. Qa4+ c6 10. Qxb4 Qe7 11. Qxe7+ Kxe7 12. Nd2 Rd8 13. Ba3+ Ke8 14. Nb3 Bd7 15. Nxd4 Rac8 16. Nb3 b6 17. Bb2 Ng6 18. a4 b5 19. Na5 Rc7 20. axb5 cxb5 21. Rfc1 a6 22. cxb5 Rxc1+ 23. Rxc1 Bxb5 24. Nb7 Rd7 25. Rc8+ Ke7 26. Ba3+ Ke6 27. Nc5+ Ke5 28. Nxd7+ Nxd7 29. f4+ Ke6 30. Re8+ Kf6 31. Bb2+ Kf5 32. Bh3# 1-0

[Event "Hamburg Seniors-ch 20th"]
[Site "Hamburg"]
[Date "2013.11.02"]
[Round "4"]
[White "Gette, Viktor"]
[Black "Warneke, Perygrin"]
[Result "1-0"]
[WhiteElo "1621"]
[BlackElo "1250"]
[PlyCount "86"]
[EventDate "2013.10.30"]
[EventType "swiss"]
[EventRounds "9"]
[EventCountry "GER"]
[SourceTitle "EXT 2015"]
[Source "ChessBase"]
[SourceDate "2014.11.20"]
[SourceVersion "1"]
[SourceVersionDate "2014.11.20"]
[SourceQuality "1"]

1. d4 d5 2. Nf3 Nf6 3. e3 e6 4. c4 c5 5. a3 Nbd7 6. Qc2 Bd6 7. dxc5 Bxc5 8. b4 Be7 9. c5 Nb8 10. Bb2 0-0 11. Bd3 g6 12. 0-0 a6 13. Nbd2 Bd7 14. Ne5 Nc6 15. Ndf3 Rc8 16. Qc3 Re8 17. Ng4 Kg7 18. Nfe5 Rc7 19. f4 Kf8 20. Rf3 h5 21. Nf2 Kg8 22. g4 hxg4 23. Nexg4 Kg7 24. Rg3 Rh8 25. Qc2 Bc8 26. Bxg6 fxg6 27. Nxf6 Rh6 28. N6g4+ Bf6 29. Bxf6+ Qxf6 30. Nxf6 Kxf6 31. Ng4+ Kg7 32. Nxh6 Ne7 33. Qc3+ e5 34. Qxe5+ Kxh6 35. Rxg6+ Nxg6 36. Qxc7 Bf5 37. Ra2 Be4 38. Qxb7 Nh4 39. Qxa6+ Kh5 40. c6 Nf3+ 41. Kf2 Nxh2 42. Qe2+ Ng4+ 43. Kg3 Bf5 1-0

[Event "Hamburg Seniors op 19th"]
[Site "Hamburg"]
[Date "2012.10.31"]
[Round "8"]
[White "Wuensch, Ulrich"]
[Black "Gette, Viktor"]
[Result "1-0"]
[WhiteElo "1957"]
[BlackElo "1606"]
[PlyCount "103"]
[EventDate "2012.10.24"]
[EventType "swiss"]
[EventRounds "9"]
[EventCountry "GER"]
[SourceTitle "EXT 2015"]
[Source "ChessBase"]
[SourceDate "2014.11.20"]
[SourceVersion "1"]
[SourceVersionDate "2014.11.20"]
[SourceQuality "1"]

1. d4 d5 2. Nf3 e6 3. e3 Nf6 4. Bd3 c5 5. c3 Nc6 6. Nbd2 c4 7. Bc2 Bd6 8. 0-0 Bd7 9. Qe2 e5 10. e4 Be6 11. exd5 Nxd5 12. dxe5 Bc7 13. Nxc4 Qe7 14. Re1 h6 15. Bd2 0-0 16. Qe4 g6 17. Bxh6 Rfe8 18. Bg5 Qf8 19. Qh4 Qg7 20. Bf6 Nxf6 21. exf6 Qh7 22. Qxh7+ Kxh7 23. Ng5+ Kh6 24. Nxe6 Rxe6 25. Rxe6 fxe6 26. Rd1 Rd8 27. Rxd8 Nxd8 28. Nd2 Nf7 29. Bb3 Nd8 30. Ne4 Kh7 31. Ng5+ Kg8 32. Bxe6+ Nxe6 33. Nxe6 Be5 34. Nc5 b6 35. Ne4 Kf7 36. g3 Bc7 37. f4 b5 38. Kg2 Ke6 39. Kf3 Bd8 40. b3 Bc7 41. Kg4 Bb8 42. Kg5 Kf7 43. f5 gxf5 44. Kxf5 Bc7 45. h4 a6 46. g4 Bb8 47. g5 a5 48. g6+ Kg8 49. h5 Kf8 50. h6 Kg8 51. h7+ Kh8 52. Ng5 1-0

[Event "Hamburg Seniors op 19th"]
[Site "Hamburg"]
[Date "2012.10.30"]
[Round "7"]
[White "Gette, Viktor"]
[Black "Laber, Witalij"]
[Result "1-0"]
[WhiteElo "1606"]
[BlackElo "1462"]
[PlyCount "61"]
[EventDate "2012.10.24"]
[EventType "swiss"]
[EventRounds "9"]
[EventCountry "GER"]
[SourceTitle "EXT 2015"]
[Source "ChessBase"]
[SourceDate "2014.11.20"]
[SourceVersion "1"]
[SourceVersionDate "2014.11.20"]
[SourceQuality "1"]

1. d4 Nf6 2. Nf3 e6 3. e3 Nc6 4. a3 a6 5. b4 b5 6. Bb2 d5 7. Be2 Bd6 8. Ne5 Na7 9. Bd3 c6 10. Nd2 0-0 11. Ndf3 Ne4 12. Bxe4 dxe4 13. Nd2 f5 14. Qe2 Bxe5 15. dxe5 a5 16. Rd1 Qg5 17. 0-0 a4 18. c4 Bd7 19. Nxe4 fxe4 20. Rxd7 Rf3 21. Kh1 Rf7 22. Rfd1 Raf8 23. Rxf7 Rxf7 24. Rf1 h5 25. f4 Qf5 26. g3 Kh7 27. Kg2 Kh6 28. h3 g5 29. g4 hxg4 30. hxg4 Qxf4 31. exf4 1-0

[Event "Hamburg Seniors op 19th"]
[Site "Hamburg"]
[Date "2012.10.25"]
[Round "2"]
[White "Ludwig, Siegfried"]
[Black "Gette, Viktor"]
[Result "0-1"]
[WhiteElo "1358"]
[BlackElo "1606"]
[PlyCount "82"]
[EventDate "2012.10.24"]
[EventType "swiss"]
[EventRounds "9"]
[EventCountry "GER"]
[SourceTitle "EXT 2015"]
[Source "ChessBase"]
[SourceDate "2014.11.20"]
[SourceVersion "1"]
[SourceVersionDate "2014.11.20"]
[SourceQuality "1"]

1. e4 e6 2. Nc3 d5 3. d4 dxe4 4. Nxe4 Nf6 5. Bg5 Be7 6. Nc3 Nc6 7. Nf3 0-0 8. Be2 h6 9. Bh4 Nd5 10. Bxe7 Qxe7 11. 0-0 a6 12. Ne4 Rd8 13. c3 e5 14. Qc2 Nf4 15. Rae1 exd4 16. cxd4 Nxd4 17. Nxd4 Rxd4 18. Ng3 Nxe2+ 19. Rxe2 Be6 20. Nf5 Bxf5 21. Rxe7 Bxc2 22. Rxc7 Be4 23. f3 Bc6 24. Re1 Rd7 25. Rxd7 Bxd7 26. Rc1 Rc8 27. Rxc8+ Bxc8 28. b4 Kf8 29. Kf2 Ke7 30. Ke3 Kd6 31. Kd4 h5 32. h4 Be6 33. a3 b6 34. a4 Kc6 35. f4 Bb3 36. a5 bxa5 37. bxa5 Kb5 38. Ke5 Kxa5 39. f5 Kb5 40. Kf4 f6 41. g4 hxg4 0-1

[Event "Hamburg-ch Seniors 18th"]
[Site "Hamburg"]
[Date "2011.11.04"]
[Round "7"]
[White "Gette, Viktor"]
[Black "Moeller, Peter1"]
[Result "1-0"]
[WhiteElo "1761"]
[BlackElo "1621"]
[PlyCount "73"]
[EventDate "2011.10.29"]
[EventType "swiss"]
[EventRounds "9"]
[EventCountry "GER"]
[SourceTitle "EXT 2015"]
[Source "ChessBase"]
[SourceDate "2014.11.20"]
[SourceVersion "1"]
[SourceVersionDate "2014.11.20"]
[SourceQuality "1"]

1. d4 d5 2. e3 Nf6 3. Nf3 Bg4 4. h3 Bh5 5. c4 e6 6. c5 Be7 7. Be2 c6 8. 0-0 Nbd7 9. Nbd2 0-0 10. b4 a6 11. a4 Qc7 12. Bb2 Rfe8 13. Qc2 Bxf3 14. Bxf3 e5 15. e4 dxe4 16. Nxe4 exd4 17. Bxd4 Rad8 18. Nxf6+ Bxf6 19. Bb2 Bxb2 20. Qxb2 Nf6 21. Rad1 Re7 22. Rxd8+ Qxd8 23. b5 axb5 24. axb5 Rc7 25. Rd1 Rd7 26. Rxd7 Qxd7 27. bxc6 bxc6 28. Qb6 g6 29. Bxc6 Qe7 30. Kf1 Nh5 31. Bf3 Qe5 32. Bxh5 Qxh5 33. Kg1 Qd1+ 34. Kh2 Qe2 35. c6 Qe5+ 36. g3 f5 37. c7 1-0

[Event "Hamburg-ch Seniors op 16th"]
[Site "Hamburg"]
[Date "2009.11.08"]
[Round "9"]
[White "Gette, Viktor"]
[Black "Schild, Andreas"]
[Result "0-1"]
[WhiteElo "1553"]
[BlackElo "1556"]
[PlyCount "98"]
[EventDate "2009.10.31"]
[EventType "swiss"]
[EventRounds "9"]
[EventCountry "GER"]
[SourceTitle "EXT 2022"]
[Source "ChessBase"]
[SourceDate "2021.10.06"]
[SourceVersion "1"]
[SourceVersionDate "2021.10.06"]
[SourceQuality "1"]

1. d4 d5 2. Nf3 Nf6 3. e3 Nbd7 4. c4 e6 5. a3 dxc4 6. Bxc4 Nb6 7. Ba2 Bd7 8. 0-0 Be7 9. Nc3 0-0 10. b4 a6 11. Ne5 Nfd5 12. Nxd5 Nxd5 13. Nxd7 Qxd7 14. Qf3 a5 15. Bxd5 exd5 16. bxa5 Rxa5 17. Rd1 Rfa8 18. Rd3 Qb5 19. Qd1 b6 20. Qc2 Qd7 21. Rb3 Bd6 22. Qb2 Qe7 23. g3 h5 24. Qc2 Qf6 25. Qd3 h4 26. f4 hxg3 27. hxg3 g6 28. Rb5 Rxb5 29. Qxb5 Qe6 30. Kf2 Qe4 31. Qe2 Kg7 32. Ra2 Rh8 33. Ke1 Rh1+ 34. Kd2 Qb1 35. Rc2 Qb3 36. Qg2 Rh8 37. Rc3 Qb5 38. Kc2 Ra8 39. Qd2 Qd7 40. Qe2 Rh8 41. Qg2 Qf5+ 42. Kb2 Qe6 43. Kb3 g5 44. Bd2 g4 45. Rc1 c5 46. Bc3 Kg6 47. dxc5 d4+ 48. Kc2 dxc3 49. cxd6 Qa2+ 0-1

[Event "Hamburg-ch Seniors op 16th"]
[Site "Hamburg"]
[Date "2009.11.05"]
[Round "6"]
[White "Bartlitz, Heinz"]
[Black "Gette, Viktor"]
[Result "1/2-1/2"]
[WhiteElo "1490"]
[BlackElo "1553"]
[PlyCount "52"]
[EventDate "2009.10.31"]
[EventType "swiss"]
[EventRounds "9"]
[EventCountry "GER"]
[SourceTitle "EXT 2022"]
[Source "ChessBase"]
[SourceDate "2021.10.06"]
[SourceVersion "1"]
[SourceVersionDate "2021.10.06"]
[SourceQuality "1"]

1. e4 e5 2. Nf3 Nc6 3. Bb5 Bc5 4. d3 d6 5. h3 h6 6. c3 a6 7. Ba4 Be6 8. Qe2 b5 9. Bc2 Nge7 10. Be3 Bxe3 11. Qxe3 Ng6 12. g3 0-0 13. d4 d5 14. exd5 Bxd5 15. 0-0 Qf6 16. Nbd2 exd4 17. Nxd4 Nxd4 18. cxd4 Qc6 19. Be4 Bxe4 20. Qxe4 Qd7 21. Kh2 Rfe8 22. Qd3 c5 23. Nf3 Ne5 24. Nxe5 Rxe5 25. Qf3 Qd5 26. Qxd5 Rxd5 1/2-1/2

[Event "Hamburg-ch Seniors op 16th"]
[Site "Hamburg"]
[Date "2009.11.04"]
[Round "5"]
[White "Gette, Viktor"]
[Black "Dangelowski, Peter"]
[Result "0-1"]
[WhiteElo "1553"]
[BlackElo "1822"]
[PlyCount "80"]
[EventDate "2009.10.31"]
[EventType "swiss"]
[EventRounds "9"]
[EventCountry "GER"]
[SourceTitle "EXT 2022"]
[Source "ChessBase"]
[SourceDate "2021.10.06"]
[SourceVersion "1"]
[SourceVersionDate "2021.10.06"]
[SourceQuality "1"]

1. d4 d5 2. Nf3 Nf6 3. e3 e6 4. c4 c6 5. c5 b6 6. b4 a5 7. b5 bxc5 8. bxc6 Nxc6 9. Bb5 Bd7 10. Qa4 Qc7 11. Ba3 Nb4 12. Bxd7+ Qxd7 13. Qxd7+ Nxd7 14. Ke2 Rc8 15. Nbd2 Bd6 16. h3 Ke7 17. Rhc1 Nb6 18. Ne5 Bxe5 19. dxe5 Nc4 20. f4 Nxd2 21. Kxd2 Kd7 22. Bxb4 g6 23. g4 Rc6 24. Kd3 cxb4 25. Rxc6 Kxc6 26. Rc1+ Kb6 27. e4 Rd8 28. Rc2 Rd7 29. f5 dxe4+ 30. Kxe4 Rc7 31. Rd2 Rc4+ 32. Kf3 gxf5 33. Rd6+ Rc6 34. Rd7 fxg4+ 35. hxg4 Rc7 36. Rd2 a4 37. Kf4 Kb5 38. Kg5 b3 39. a3 Rb7 40. Kh6 Kc4 0-1

[Event "Hamburg-ch Seniors op 15th"]
[Site "Hamburg"]
[Date "2008.11.04"]
[Round "9"]
[White "Ristic, Sreten"]
[Black "Gette, Viktor"]
[Result "1-0"]
[WhiteElo "1907"]
[BlackElo "1572"]
[PlyCount "111"]
[EventDate "2008.10.27"]
[EventType "swiss"]
[EventRounds "9"]
[EventCountry "GER"]
[SourceTitle "EXT 2022"]
[Source "ChessBase"]
[SourceDate "2021.10.06"]
[SourceVersion "1"]
[SourceVersionDate "2021.10.06"]
[SourceQuality "1"]

1. e4 e6 2. d4 d5 3. Nd2 c5 4. c3 Nc6 5. exd5 Qxd5 6. dxc5 Bxc5 7. Ngf3 Nf6 8. Be2 0-0 9. 0-0 b6 10. a3 Bb7 11. Nb3 Be7 12. Qxd5 Nxd5 13. Rd1 Rad8 14. c4 Nf6 15. h3 Rd7 16. Nbd2 Rfd8 17. b4 Nd4 18. Nxd4 Rxd4 19. Nb3 R4d7 20. Be3 h6 21. Rdc1 Ba6 22. b5 Bb7 23. a4 Ne4 24. a5 Nc5 25. Rcb1 Be4 26. Nxc5 Bxc5 27. Rb3 Bxe3 28. Rxe3 Bb7 29. axb6 axb6 30. g4 Kf8 31. h4 Ke7 32. f4 f6 33. Kf2 Ra8 34. Re1 Ra2 35. Kg3 Rad2 36. g5 hxg5 37. fxg5 f5 38. h5 Kf7 39. Kf4 R2d4+ 40. Ke5 f4 41. Rf1 f3 42. Bxf3 Bxf3 43. Rexf3+ Kg8 44. Rf8+ Kh7 45. Kxe6 Rc7 46. R1f5 g6 47. R5f7+ Rxf7 48. Rxf7+ Kg8 49. hxg6 Rxc4 50. Rb7 Rc5 51. Kf6 Rc8 52. g7 Kh7 53. Rxb6 Rd8 54. Re6 Rb8 55. b6 Kg8 56. b7 1-0

[Event "Hamburg-ch Seniors op 15th"]
[Site "Hamburg"]
[Date "2008.10.29"]
[Round "3"]
[White "Gette, Viktor"]
[Black "Dangelowski, Peter"]
[Result "0-1"]
[WhiteElo "1572"]
[BlackElo "1788"]
[PlyCount "62"]
[EventDate "2008.10.27"]
[EventType "swiss"]
[EventRounds "9"]
[EventCountry "GER"]
[SourceTitle "EXT 2022"]
[Source "ChessBase"]
[SourceDate "2021.10.06"]
[SourceVersion "1"]
[SourceVersionDate "2021.10.06"]
[SourceQuality "1"]

1. d4 d5 2. Nf3 Nf6 3. e3 c6 4. c4 e6 5. a3 Nbd7 6. c5 Qc7 7. b4 a6 8. Bb2 g6 9. Qc2 Bg7 10. Bd3 0-0 11. Nbd2 Ne8 12. h4 e5 13. dxe5 Nxe5 14. h5 Nxd3+ 15. Qxd3 Bxb2 16. Ra2 Bg7 17. h6 Bh8 18. Ng5 Bf5 19. e4 dxe4 20. Ndxe4 Rd8 21. Qf3 Qe5 22. g4 Bxe4 23. Nxe4 Nf6 24. Rh5 Qxe4+ 25. Qxe4 Nxe4 26. Rh3 Rfe8 27. Kf1 Be5 28. Re2 Bf4 29. Kg2 Rd2 30. Rxd2 Nxd2 31. Rh1 Re2 0-1

[Event "GER Seniors Derby 07th"]
[Site "Wesel Undeloh"]
[Date "2008.03.30"]
[Round "7.15"]
[White "Moeller, Bernd"]
[Black "Gette, Viktor"]
[Result "1-0"]
[WhiteElo "1589"]
[BlackElo "1517"]
[PlyCount "65"]
[EventDate "2008.03.27"]
[EventType "swiss"]
[EventRounds "7"]
[EventCountry "GER"]
[SourceTitle "EXT 2022"]
[Source "ChessBase"]
[SourceDate "2021.10.06"]
[SourceVersion "1"]
[SourceVersionDate "2021.10.06"]
[SourceQuality "1"]

1. e4 c5 2. Nf3 Nc6 3. d4 cxd4 4. Nxd4 Qb6 5. Nxc6 Qxc6 6. Nc3 e6 7. a3 Nf6 8. f3 Bc5 9. Bf4 a6 10. Qd2 Nh5 11. Be3 Bxe3 12. Qxe3 0-0 13. g4 Nf6 14. 0-0-0 b5 15. e5 Nxg4 16. fxg4 Qxh1 17. Bd3 Qxh2 18. Be4 Rb8 19. Rh1 Qxh1+ 20. Bxh1 d5 21. exd6 f5 22. Qa7 Bd7 23. Qxd7 f4 24. Qxe6+ Kh8 25. Bf3 Rbe8 26. Qd5 h6 27. d7 Rd8 28. Qe6 Rf6 29. Qe8+ Rf8 30. Qe7 Kg8 31. Nd5 Rb8 32. Nxf4 Rbd8 33. Ne6 1-0

[Event "GER Seniors Derby 07th"]
[Site "Wesel Undeloh"]
[Date "2008.03.28"]
[Round "4.6"]
[White "Gette, Viktor"]
[Black "Riedl, Maximilian"]
[Result "0-1"]
[WhiteElo "1517"]
[BlackElo "1892"]
[PlyCount "96"]
[EventDate "2008.03.27"]
[EventType "swiss"]
[EventRounds "7"]
[EventCountry "GER"]
[SourceTitle "EXT 2022"]
[Source "ChessBase"]
[SourceDate "2021.10.06"]
[SourceVersion "1"]
[SourceVersionDate "2021.10.06"]
[SourceQuality "1"]

1. d4 d5 2. Nf3 Nf6 3. e3 g6 4. c4 e6 5. Bd2 Ne4 6. c5 Nxd2 7. Nbxd2 Bg7 8. Ne5 f6 9. Nd3 0-0 10. g3 e5 11. Bg2 exd4 12. exd4 Re8+ 13. Kf1 Bf5 14. Qb3 c6 15. Re1 Rxe1+ 16. Nxe1 Qc7 17. Ne4 Bxe4 18. Bxe4 f5 19. Bf3 Nd7 20. Kg2 Bxd4 21. Bxd5+ Kg7 22. Bf3 Nxc5 23. Qa3 Ne6 24. Nc2 Bf6 25. h4 Qe7 26. Qxe7+ Bxe7 27. Re1 Kf6 28. b3 Rd8 29. a4 Rd2 30. Re2 Rxe2 31. Bxe2 c5 32. Bc4 Nc7 33. f4 h6 34. Ne3 g5 35. Bd3 gxf4 36. Nxf5 Bf8 37. g4 Ne6 38. Kf3 Ke5 39. h5 Ng5+ 40. Kf2 b6 41. Nh4 Kd4 42. Nf3+ Nxf3 43. Kxf3 Kxd3 44. Kxf4 Be7 45. Kf5 Kc3 46. Ke6 Bg5 47. a5 bxa5 48. Kd6 Kxb3 0-1